Brighton & Hove Albion Biggest Transfers - Statistics

General Stats
  • This quiz has been taken 67 times
    22 since last reset
  • The average score is 62 of 141
Answer Stats
% Correct
Arrivals France SS 22 Georginio Rutter 24/25 Leeds United €46.70m
100%
Arrivals Gambia RW 19 Yankuba Minteh 24/25 Newcastle United €35.00m
100%
Arrivals Brazil ST 21 João Pedro 23/24 Watford €34.20m
92%
Departures Brazil ST 23 João Pedro 25/26 Chelsea €63.70m
92%
Arrivals Belgium LW 24 Leandro Trossard 19/20 Genk €15.56m
92%
Departures Belgium LW 28 Leandro Trossard 22/23 Arsenal €24.00m
92%
Arrivals Ecuador DM 19 Moisés Caicedo 20/21 Independiente del Valle €28.20m
92%
Departures Ecuador DM 21 Moisés Caicedo 23/24 Chelsea €116.00m
92%
Arrivals Mali CM 21 Yves Bissouma 18/19 Lille €16.80m
92%
Departures Mali CM 25 Yves Bissouma 22/23 Tottenham Hotspur €29.20m
92%
Arrivals Argentina AM 20 Alexis Mac Allister 18/19 Argentinos Juniors €8.00m
83%
Departures Argentina AM 24 Alexis Mac Allister 23/24 Liverpool €42.00m
83%
Departures England CB 23 Ben White 21/22 Arsenal €58.50m
83%
Arrivals Scotland DM 21 Billy Gilmour 22/23 Chelsea €8.30m
83%
Departures Scotland DM 23 Billy Gilmour 24/25 Napoli €14.00m
83%
Arrivals Netherlands RB 28 Joël Veltman 20/21 Ajax €1.00m
83%
Arrivals Spain LB 23 Marc Cucurella 21/22 Getafe €18.00m
83%
Departures Spain LB 24 Marc Cucurella 22/23 Chelsea €65.30m
83%
Arrivals France ST 22 Neal Maupay 19/20 Brentford €15.56m
83%
Departures France ST 26 Neal Maupay 22/23 Everton €11.80m
83%
Arrivals Ecuador LB 24 Pervis Estupiñán 22/23 Villarreal €17.80m
83%
Arrivals Australia CM 29 Aaron Mooy 19/20 Huddersfield Town €3.30m
75%
Departures Australia CM 29 Aaron Mooy 20/21 Shanghai Port €4.50m
75%
Arrivals England CB 24 Adam Webster 19/20 Bristol City €22.22m
75%
Arrivals Netherlands GK 20 Bart Verbruggen 23/24 Anderlecht €20.00m
75%
Arrivals Germany AM 20 Brajan Gruda 24/25 Mainz €31.50m
75%
Arrivals Cameroon DM 19 Carlos Baleba 23/24 Lille €27.00m
75%
Arrivals Germany ST 25 Deniz Undav 21/22 Union Saint-Gilloise €7.00m
75%
Departures Germany ST 28 Deniz Undav 24/25 Stuttgart €26.70m
75%
Arrivals Argentina AM 18 Facundo Buonanotte 22/23 Rosario Central €6.00m
75%
Arrivals England ST 33 Glenn Murray 16/17 Bournemouth €3.50m
75%
Arrivals Paraguay AM 18 Julio Enciso 22/23 Libertad €11.60m
75%
Arrivals Japan LW 24 Kaoru Mitoma 21/22 Kawasaki Frontale €3.00m
75%
Arrivals Netherlands DM 24 Mats Wieffer 24/25 Feyenoord €32.00m
75%
Arrivals Germany CM 26 Pascal Groß 17/18 Ingolstadt €3.00m
75%
Departures Germany CM 33 Pascal Groß 24/25 Borussia Dortmund €7.00m
75%
Departures Spain GK 25 Robert Sánchez 23/24 Chelsea €23.00m
75%
Arrivals Iran RW 24 Alireza Jahanbakhsh 18/19 AZ Alkmaar €22.50m
67%
Departures Iran RW 27 Alireza Jahanbakhsh 21/22 Feyenoord €1.00m
67%
Arrivals England LB 26 Dan Burn 18/19 Wigan Athletic €3.55m
67%
Departures England LB 29 Dan Burn 21/22 Newcastle United €15.00m
67%
Arrivals Turkey LB 24 Ferdi Kadıoğlu 24/25 Fenerbahçe €30.00m
67%
Arrivals Brazil CB 25 Igor Julio 23/24 Fiorentina €16.50m
67%
Arrivals Poland CM 21 Jakub Moder 20/21 Lech Poznań €11.00m
67%
Departures Poland CM 25 Jakub Moder 24/25 Feyenoord €1.50m
67%
Arrivals Argentina ST 26 Leonardo Ulloa 12/13 Almería €1.90m
67%
Departures Argentina ST 27 Leonardo Ulloa 14/15 Leicester City €10.10m
67%
Arrivals Australia GK 25 Mathew Ryan 17/18 Valencia €6.00m
67%
Arrivals Denmark CM 23 Matt O'Riley 24/25 Celtic €29.50m
67%
Arrivals Ivory Coast LW 20 Simon Adingra 23/23 Nordsjælland €8.00m
67%
Departures Ivory Coast LW 23 Simon Adingra 25/26 Sunderland €24.40m
67%
Arrivals Ghana RB 19 Tariq Lamptey 19/20 Chelsea €1.20m
67%
Arrivals Sweden CM 19 Yasin Ayari 22/23 AIK €4.00m
67%
Arrivals Greece ST 18 Charalampos Kostoulas 25/26 Olympiacos €35.00m
58%
Arrivals Paraguay CM 21 Diego Gómez 24/25 Inter Miami €13.00m
58%
Arrivals Netherlands CB 20 Jan Paul van Hecke 20/21 NAC Breda €2.00m
58%
Arrivals Belgium LB 24 Maxim De Cuyper 25/26 Club Brugge €20.00m
58%
Arrivals Argentina LB 19 Valentín Barco 23/24 Boca Juniors €9.15m
58%
Departures Argentina LB 20 Valentín Barco 25/26 Strasbourg €10.00m
58%
Arrivals Senegal LW 20 Abdallah Sima 21/22 Slavia Prague €8.00m
50%
Arrivals Italy CB 21 Diego Coppola 25/26 Hellas Verona €11.00m
50%
Arrivals Zambia CM 23 Enock Mwepu 21/22 RB Salzburg €23.00m
50%
Arrivals Ghana LW 19 Ibrahim Osman 24/25 Nordsjælland €19.50m
50%
Arrivals Curaçao ST 24 Jürgen Locadia 17/18 PSV €17.00m
50%
Departures Norway CB 22 Leo Østigård 22/23 Napoli €5.50m
50%
Arrivals Spain RB 27 Martín Montoya 18/19 Valencia €7.00m
50%
Arrivals Ireland CB 24 Shane Duffy 16/17 Blackburn Rovers €5.25m
50%
Departures Ireland CB 28 Shane Duffy 20/21 Celtic €2.20m
50%
Arrivals Brazil LB 23 Bernardo 18/19 RB Leipzig €10.00m
42%
Arrivals Netherlands CM 25 Davy Pröpper 17/18 PSV €13.00m
42%
Arrivals Ireland CB 23 Eiran Cashin 24/25 Derby County €10.75m
42%
Arrivals Colombia LW 25 José Izquierdo 17/18 Club Brugge €18.00m
42%
Arrivals South Africa RW 24 Percy Tau 18/19 Mamelodi Sundowns €3.20m
42%
Departures South Africa RW 27 Percy Tau 21/22 Al Ahly €1.80m
42%
Arrivals Greece ST 19 Stefanos Tzimas 24/25 Nürnberg €26.50m
42%
Arrivals England LW 19 Tom Watson 25/26 Sunderland €12.00m
42%
Arrivals Sweden ST 19 Viktor Gyökeres 17/18 Brommapojkarna €1.00m
42%
Departures Sweden ST 23 Viktor Gyökeres 21/22 Coventry City €1.20m
42%
Arrivals France RW 24 Anthony Knockaert 15/16 Standard Liège €3.50m
33%
Departures France RW 28 Anthony Knockaert 20/21 Fulham €11.70m
33%
Departures France RW 27 Anthony Knockaert 19/20 Fulham €4.50m
33%
Arrivals Ivory Coast CM 18 Malick Yalcouyé 24/25 Göteborg €7.00m
33%
Departures Ireland ST 23 Aaron Connolly 23/24 Hull City €1.35m
25%
Arrivals Romania RW 18 Adrian Mazilu 23/24 Farul Constanța €3.00m
25%
Arrivals Switzerland ST 21 Andi Zeqiri 20/21 Lausanne-Sport €4.00m
25%
Departures Switzerland ST 24 Andi Zeqiri 23/24 Genk €2.75m
25%
Arrivals England CM 24 Dale Stephens 13/14 Charlton Athletic €2.00m
25%
Departures England CM 31 Dale Stephens 20/21 Burnley €1.10m
25%
Arrivals Romania ST 25 Florin Andone 18/19 Deportivo La Coruña €6.00m
25%
Arrivals Poland AM 18 Kacper Kozłowski 21/22 Pogoń Szczecin €11.00m
25%
Arrivals DR Congo LW 21 Kazenga LuaLua 11/12 Newcastle United €1.28m
25%
Arrivals Poland LB 19 Michał Karbownik 20/21 Legia Warsaw €3.90m
25%
Departures Poland LB 22 Michał Karbownik 23/24 Hertha Berlin €1.30m
25%
Departures Poland LB 20 Michał Karbownik 21/22 Olympiacos €1.00m
25%
Arrivals Israel ST 28 Tomer Hemed 15/16 Almería €1.40m
25%
Arrivals Germany CB 29 Uwe Hünemeier 15/16 Paderborn €2.70m
25%
Arrivals South Korea RW 18 Yoon Do-young 25/26 Daejeon Hana Citizen €2.00m
25%
Arrivals Denmark RW 20 Anders Dreyer 18/19 Esbjerg €2.20m
17%
Departures Denmark RW 21 Anders Dreyer 19/20 Midtjylland €1.00m
17%
Departures England ST 22 Bobby Zamora 03/04 Tottenham Hotspur €2.00m
17%
Departures Turkey ST 20 Colin Kazim-Richards 06/07 Sheffield United €1.50m
17%
Arrivals England GK 29 David Button 18/19 Fulham €4.50m
17%
Departures England GK 31 David Button 20/21 West Bromwich Albion €1.10m
17%
Arrivals Italy RB 28 Ezequiel Schelotto 17/18 Sporting CP €3.00m
17%
Arrivals Netherlands GK 21 Kjell Scherpen 21/22 Ajax €5.00m
17%
Arrivals Austria LB 30 Markus Suttner 17/18 Ingolstadt €4.50m
17%
Departures England RB 22 Odeluga Offiah 25/26 Preston North End €1.60m
17%
Departures Northern Ireland CB 19 Ruairi McConville 24/25 Norwich City €3.00m
17%
Arrivals England ST 25 Sam Baldock 14/15 Bristol City €2.50m
17%
Departures England ST 29 Sam Baldock 18/19 Reading €3.90m
17%
Arrivals Czech Republic RB 21 Aleš Matějů 17/18 Viktoria Plzeň €2.50m
8%
Departures Czech Republic RB 23 Aleš Matějů 19/20 Brescia €1.80m
8%
Departures England CB 25 Connor Goldson 18/19 Rangers €3.40m
8%
Arrivals Scotland ST 27 Craig Mackail-Smith 11/12 Peterborough United €2.80m
8%
Arrivals England GK 28 David Stockdale 14/15 Fulham €1.30m
8%
Departures Jamaica RM 22 Elliott Bennett 11/12 Norwich City €1.70m
8%
Arrivals Netherlands LW 22 Elvis Manu 15/16 Feyenoord €1.20m
8%
Arrivals Slovenia ST 20 Jan Mlakar 18/19 Maribor €3.00m
8%
Departures Ireland CM 22 Jayson Molumby 22/23 West Bromwich Albion €1.00m
8%
Departures Scotland DM 24 Liam Bridcutt 13/14 Sunderland €3.66m
8%
Arrivals Norway DM 21 Mathias Normann 17/18 Bodø/Glimt €1.40m
8%
Departures Norway DM 22 Mathias Normann 18/19 Rostov €1.70m
8%
Arrivals England CB 22 Matt Clarke 19/20 Portsmouth €3.90m
8%
Departures England CB 25 Matt Clarke 22/23 Middlesbrough €2.60m
8%
Departures Northern Ireland DM 27 Oliver Norwood 18/19 Sheffield United €2.20m
8%
Arrivals Iraq RW 17 Peter Gwargis 18/19 Jönköpings Södra €1.50m
8%
Departures Germany AM 22 Reda Khadra 23/24 Stade Reims €1.90m
8%
Arrivals England CM 18 Taylor Richards 19/20 Manchester City €1.10m
8%
Arrivals Romania DM 19 Tudor Băluță 18/19 Viitorul Constanța €2.90m
8%
Arrivals England LW 21 Will Buckley 11/12 Watford €1.10m
8%
Departures England LW 24 Will Buckley 14/15 Sunderland €3.12m
8%
Departures Scotland CB 22 Adam Virgo 05/06 Celtic €2.20m
0%
Departures England LW 24 Craig Noone 12/13 Cardiff City €1.26m
0%
Departures England LB 21 Dan Harding 05/06 Leeds United €1.25m
0%
Arrivals Scotland LW 25 Jamie Murphy 15/16 Sheffield United €2.10m
0%
Departures Scotland LW 28 Jamie Murphy 18/19 Rangers €1.20m
0%
Arrivals Czech Republic LW 23 Jiří Skalák 15/16 Mladá Boleslav €1.70m
0%
Departures Czech Republic LW 26 Jiří Skalák 18/19 Millwall €1.00m
0%
Departures Ireland CB 24 Mark Lawrenson 81/82 Liverpool €1.85m
0%
Departures England ST 14 Shumaira Mheuka 22/23 Chelsea €1.17m
0%
Departures England LB 18 Zak Sturge 22/23 Chelsea €1.00m
0%
No matching quizzes found
Score Distribution
Percent of People with Each Score
Percentile by Number Answered
Your Score History
You have not taken this quiz since the last reset